000 00531nam a2200217Ia 4500
003 OSt
005 20220928141754.0
006 a|||||r|||| 00| 0
007 ta
008 220927b |||||||| |||| 00| 0 eng d
024 _a17587
037 _cTextual
040 _aSDCL
_cSDCL
_beng
041 _2eng
_aeng
082 _aO15:gx, M1
100 _aUpadhayaya Gokulnath
_9502166
245 0 _aRasamharnava.
260 _c1981
942 _hO15:gx, M1
_cTEXL
_2CC
999 _c819908
_d819908